For women only; (Record no. 20)

MARC details
000 -LEADER
fixed length control field 00899cam a2200289 4500
001 - CONTROL NUMBER
control field 309441
003 - CONTROL NUMBER IDENTIFIER
control field GBCCL
005 - DATE AND TIME OF LATEST TRANSACTION
control field 20241126110328.0
008 - FIXED-LENGTH DATA ELEMENTS--GENERAL INFORMATION
fixed length control field 741009s1974 ilu 000 0 eng
010 ## -
-- 73093968
020 ## - INTERNATIONAL STANDARD BOOK NUMBER
International Standard Book Number 0842308954
-- 0842308962 (pbk.)
040 ## - CATALOGING SOURCE
Original cataloging agency DLC
Transcribing agency DLC
Modifying agency DLC
043 ## -
-- n-us---
050 00 -
-- HQ1420
-- .P48
082 00 - DEWEY DECIMAL CLASSIFICATION NUMBER
Classification number 261.8358
Item number FOR
100 1# - MAIN ENTRY--PERSONAL NAME
Personal name Petersen, Evelyn R.,
Relator term comp.
9 (RLIN) 9169
245 10 - TITLE STATEMENT
Title For women only;
Remainder of title the fine art of being a woman.
Statement of responsibility, etc. Edited by Evelyn R. Petersen and J. Allan Petersen.
260 ## - PUBLICATION, DISTRIBUTION, ETC.
Place of publication, distribution, etc. Wheaton, Ill.,
Name of publisher, distributor, etc. Tyndale
Date of publication, distribution, etc. [1974]
300 ## - PHYSICAL DESCRIPTION
Extent 296 p.
Dimensions 22 cm.
350 ## - PRICE (NR) (BK AM CF MU VM SE) [OBSOLETE]
Price $3.95
650 #0 - SUBJECT ADDED ENTRY--TOPICAL TERM
Topical term or geographic name entry element Women
Geographic subdivision United States.
9 (RLIN) 9170
650 #0 - SUBJECT ADDED ENTRY--TOPICAL TERM
Topical term or geographic name entry element Women
General subdivision Conduct of life.
9 (RLIN) 3729
650 #0 - SUBJECT ADDED ENTRY--TOPICAL TERM
Topical term or geographic name entry element Families
Geographic subdivision United States.
9 (RLIN) 1359
700 1# - ADDED ENTRY--PERSONAL NAME
Personal name Petersen, J. Allan,
Relator term joint comp.
9 (RLIN) 293
906 ## - LOCAL DATA ELEMENT F, LDF (RLIN)
a 7
b cbc
c orignew
d 2
e opcn
f 19
g y-gencatlg
942 ## - ADDED ENTRY ELEMENTS (KOHA)
Source of classification or shelving scheme Dewey Decimal Classification
Koha item type Books
Koha issues (borrowed), all copies 2
Holdings
Withdrawn status Lost status Source of classification or shelving scheme Damaged status Not for loan Home library Current Library Shelving location Date acquired Total checkouts Total renewals Full call number Barcode Date last seen Date last checked out Copy number Price effective from Koha item type
    Dewey Decimal Classification     GRACE BIBLE COLLEGE GRACE BIBLE COLLEGE Ministry & Mission 2016-05-09 2 2 261.8358 FOR 001033 2025-05-06 2019-02-28 c.1 2016-05-09 Books
© Grace Bible College Library 2025